000 00659cab a2200265 4500
001 ABS50422
008 090401t1994 xxu||||| |||| 00| 0 eng d
035 _a(Sirsi) u75639
041 _aeng
245 _aCentrefolio: Beds & Bucks
260 _c1994
350 _a0
490 _aProperty Week
_v46(13) 31 March 1994, 65-87(9)
650 _aAYLESBURY
650 _aBEDFORD
650 _aBEDFORDSHIRE
650 _aBUSCKINGHAMSHIRE
650 _aDUNSTABLE
650 _aHIGH WYCOMBE
650 _aLUTON
650 _aMILTON KEYNES
690 _aPROPERTY-COMMERCIAL PROPERTY-COMMERCIAL PROPERTY MARKET
942 _n0
948 _c04/03/1997
999 _c47580
_d47580